书目信息 |
| 题名: |
工业企业生产经营管理
|
|
| 作者: | 周润仙 编著 | |
| 分册: | ||
| 出版信息: | 武汉 武汉测绘科技大学出版社 1998.06 |
|
| 页数: | 627页 | |
| 开本: | 32开 | |
| 丛书名: | ||
| 单 册: | ||
| 中图分类: | F406.2 | |
| 科图分类: | ||
| 主题词: | 工业经济--经济理论 | |
| 电子资源: | ||
| ISBN: | 7-81030-622-7 | |
| 000 | 00599nam0 2200193 45 | |
| 001 | 1009050998 | |
| 005 | 20100905095710.0 | |
| 010 | @a7-81030-622-7@d24.00元 | |
| 100 | @a20100905d1998 km y0chiy0120 ea | |
| 101 | 0 | @achi |
| 105 | @a z 000yy | |
| 200 | 1 | @a工业企业生产经营管理@AGong Ye Qi Ye Sheng Chan Jing Ying Guan Li@f周润仙等编著@FZhou Run Xian Deng Bian Zhu |
| 210 | @a武汉@c武汉测绘科技大学出版社@d1998.06 | |
| 215 | @a627页@d32开 | |
| 606 | 0 | @a工业经济@x经济理论 |
| 690 | @aF406.2@v3 | |
| 701 | 0 | @a周润仙@4编著 |
| 801 | @aCN@bPftUser@c20100905 | |
| 905 | @b122175-179@dF406.2@eZH897@f5 | |
| 工业企业生产经营管理/周润仙等编著.-武汉:武汉测绘科技大学出版社,1998.06 |
| 627页;32开 |
| ISBN 7-81030-622-7:24.00元 |
| ● |
| 相关链接 |
|
|
|
正题名:工业企业生产经营管理
索取号:F406.2/ZH897
 
预约/预借
| 序号 | 登录号 | 条形码 | 馆藏地/架位号 | 状态 | 备注 |
| 1 | 122179 | 201221793 | 社科库409/301自科库 25排2列4层/ [索取号:F406.2/ZH897] | 在馆 | |
| 2 | 123175 | 201231755 | 社科库409/400B社科库 13排1列6层/ [索取号:F406.2/ZH897] | 在馆 | |
| 3 | 123176 | 201231764 | 社科库409/400B社科库 4排3列3层/ [索取号:F406.2/ZH897] | 在馆 | |
| 4 | 123177 | 201231773 | 社科库409/409社科库 34排1列1层/ [索取号:F406.2/ZH897] | 在馆 |